| 000 | 00629cam a22002292a 4500 | ||
|---|---|---|---|
| 001 | 018054 | ||
| 003 | AR-FADEU | ||
| 008 | 311216n2001####xxu####################dd | ||
| 020 | _a0-521-77434-9 | ||
| 092 |
_a420.72 _bC182t |
||
| 100 | _aCameron, Lynne | ||
| 245 | _aTeaching languages to young learners | ||
| 260 | _aCambridge | ||
| 260 | _bCambridge University Press | ||
| 260 | _c2001 | ||
| 300 | _a258 p | ||
| 440 | _aCambridge language teaching library | ||
| 500 | _aIncludes references | ||
| 650 | _aINGLES-ESTUDIO Y ENSEÑANZA; METODOLOGIA; JOVENES-EDUCACION/REVISADO/ | ||
| 546 | _aInglés | ||
| 942 | _cBDGR | ||
| 999 |
_c23799 _d23799 |
||